| 000 | 00345cam a22001217a 4500 | ||
|---|---|---|---|
| 008 | 180718b1986 xxu||||| |||| 00| 0 eng d | ||
| 082 | _aZ3x54 Si64 | ||
| 100 | _aSingh, Surender | ||
| 245 |
_aAgro-economics of dairy development in India _cby Surender Singh |
||
| 260 |
_aDelhi _bCriterion _c1986 |
||
| 300 | _a188p. | ||
| 650 | _aDairy farms - India | ||
| 999 |
_c353516 _d353516 |
||